000 00597nam a2200157 a 4500
008 091201s1992 ||||||||||||||||| || u
050 _aPAPERS/STAFF
100 _aAkuffo, F. W. B
245 1 0 _aRestructuring African Economies: a critical appraisal..
260 _aLusaka
_bUniversity of Zambia, Department of Development Studies
_c1992
300 _a23p.
350 _a0.00
650 _aECONOMIES
650 _aAFRICAN ECONOMIES
995 _D0.00
_FCBU-MAIN LIBRARY (Kitwe)
_H1
_I0.00
_M1
_UAVAILABLE
_WDec 1, 2009
_ZUniversity Collection
999 _c56402
_d56402